Crónicas

Saved in:
Bibliografiske detaljer
Hovedforfatter: Froissart, Jean (Author)
Format: Bog
Sprog:spansk
Udgivet: Madrid Siruela 1988
Serier:Selección de Lecturas Medievales, 27
Fag:
Tags: Tilføj Tag
Ingen Tags, Vær først til at tagge denne postø!

MARC

LEADER 00000nam a2200000 a 4500
001 UCS8625
003 CL-VaPUC
008 971107e19880000SP |||||||||||||||||spa|d
082 0 4 |a 940.1  |b FRO  |2 21 
100 0 |a Froissart, Jean  |e author  |9 393406 
245 1 0 |a Crónicas 
300 |a 432 p 
942 |c BK 
945 |d 19971107 00:00:00  |a jquezada 
260 |a Madrid  |b Siruela  |c 1988 
650 7 |a FUENTES  |2 CL-VaPUC  |9 255666 
650 0 |a Historia medieval   |9 258042 
650 0 |a Civilización medieval   |9 265320 
650 0 |a Edad media  |9 258041 
583 |a last modification  |c 19971107 00:00:00  |k Rodrigo Vera 
490 0 |a Selección de Lecturas Medievales, 27 
999 |c 262925  |d 262923 
952 |0 0  |1 0  |4 0  |6 940_100000000000000_FRO_1988  |7 0  |8 A  |9 291967  |a BIBHIS  |b BIBHIS  |d 2019-11-19  |i 3361020  |l 2  |m 2  |o 940.1 FRO 1988  |p 3361020  |r 2025-03-31  |s 2025-03-12  |w 2019-11-19  |y BK  |k HIS